[Event "Titled Tuesday intern op 02nd Nov"]
[Site "Chess.com INT"]
[Date "2021.11.02"]
[Round "4"]
[White "Tologontegin, Semetey"]
[Black "Zubov, Alexander"]
[Result "0-1"]
[WhiteElo "2381"]
[BlackElo "2598"]
[PlyCount "142"]
[EventDate "2021.11.02"]
[EventType "swiss (blitz)"]
[EventRounds "11"]
[EventCountry "USA"]
[SourceTitle "CBM 205 Extra"]
[Source "ChessBase"]
[SourceDate "2022.01.31"]
[SourceVersion "1"]
[SourceVersionDate "2022.01.31"]
[SourceQuality "1"]

1. e4 c5 2. Nf3 e6 3. d4 cxd4 4. Nxd4 a6 5. Bd3 Bc5 6. Nb3 Be7 7. c4 d6 8. Nc3 Nf6 9. 0-0 0-0 10. Be3 b6 11. Rc1 Bb7 12. Qe2 Nbd7 13. Rfd1 Qc7 14. f3 Nc5 15. Nd4 Rac8 16. b3 Rfe8 17. Qf2 h5 18. Bf1 h4 19. b4 Ncd7 20. Nb3 Qb8 21. a3 Ba8 22. Bg5 h3 23. gxh3 Ne5 24. Nd2 Bd8 25. Be3 Bc7 26. f4 Ng6 27. Bd3 Rcd8 28. Rf1 d5 29. cxd5 exd5 30. e5 d4 31. Bxd4 Nd5 32. Nxd5 Rxd5 33. Be4 Rd7 34. Bxa8 Qxa8 35. Nc4 Nh4 36. Nxb6 Bxb6 37. Bxb6 Nf5 38. Rfd1 Rxd1+ 39. Rxd1 Qe4 40. Bc5 a5 41. Re1 Qc4 42. Qf3 axb4 43. axb4 g6 44. Kg2 Nh4+ 45. Kg3 Nxf3 46. Kxf3 Rd8 47. Re3 Rd3 48. Kf2 Qc2+ 49. Kf3 Qd2 50. Rxd3 Qxd3+ 51. Kg4 Qe2+ 52. Kg3 Kg7 53. h4 Kh6 54. h3 Kh5 55. Be7 Qe3+ 56. Kg2 Qxf4 57. Bf6 Qxb4 58. Kg3 Qe4 59. Kf2 Qd3 60. Kg2 Qe3 61. Kh2 Qf2+ 62. Kh1 Kh6 63. Bg5+ Kg7 64. Bf6+ Kf8 65. Bg5 Ke8 66. Bf6 Kd7 67. Bg5 Ke6 68. Bf6 Kf5 69. Bg5 Ke4 70. Bf6 Kf3 71. h5 Qg2# 0-1

[Event "Titled Tuesday intern op 19th Oct"]
[Site "Chess.com INT"]
[Date "2021.10.19"]
[Round "3"]
[White "Ghimpu, Samuel Timotei"]
[Black "Zubov, Alexander"]
[Result "0-1"]
[WhiteElo "2431"]
[BlackElo "2598"]
[PlyCount "52"]
[EventDate "2021.10.19"]
[EventType "swiss (blitz)"]
[EventRounds "11"]
[EventCountry "USA"]
[SourceTitle "CBM 204 Extra"]
[Source "ChessBase"]
[SourceDate "2021.11.30"]
[SourceVersion "1"]
[SourceVersionDate "2021.11.30"]
[SourceQuality "1"]

1. b3 d5 2. Bb2 Bg4 3. f3 Bh5 4. h4 f6 5. d4 c5 6. e3 Nc6 7. c3 e5 8. Ne2 Nge7 9. Ng3 Bf7 10. dxc5 Qc7 11. Kf2 b6 12. cxb6 Qxb6 13. Nd2 g6 14. Bd3 Bh6 15. Qe2 f5 16. Rhe1 f4 17. Ngf1 0-0 18. Kg1 Nf5 19. Bxf5 gxf5 20. Qf2 Rad8 21. c4 Nb4 22. exf4 Qxf2+ 23. Kxf2 Nd3+ 24. Ke2 Nxb2 25. Rab1 dxc4 26. bxc4 Nxc4 0-1

[Event "Titled Tuesday intern op 19th Oct"]
[Site "Chess.com INT"]
[Date "2021.10.19"]
[Round "7"]
[White "Obregon, Carlos Andres"]
[Black "Zubov, Alexander"]
[Result "0-1"]
[WhiteElo "2525"]
[BlackElo "2598"]
[PlyCount "64"]
[EventDate "2021.10.19"]
[EventType "swiss (blitz)"]
[EventRounds "11"]
[EventCountry "USA"]
[SourceTitle "CBM 204 Extra"]
[Source "ChessBase"]
[SourceDate "2021.11.30"]
[SourceVersion "1"]
[SourceVersionDate "2021.11.30"]
[SourceQuality "1"]

1. e4 c5 2. Nf3 e6 3. d4 cxd4 4. Nxd4 a6 5. Nc3 b5 6. Bd3 Qb6 7. Nf3 Qc7 8. 0-0 Bb7 9. Re1 Be7 10. e5 f5 11. Nd4 g6 12. a4 b4 13. Na2 Nc6 14. Nxc6 Qxc6 15. Bf1 Bc5 16. a5 Ne7 17. c3 bxc3 18. Nxc3 Nd5 19. Na4 Be7 20. Bh6 Qc7 21. Qb3 Bc6 22. Bd2 0-0 23. Qg3 f4 24. Qd3 Bb5 25. Qd4 Bxf1 26. Rxf1 f3 27. g3 Rf5 28. Rfe1 Rb8 29. Rac1 Qb7 30. Nc5 Qxb2 31. Qd3 Bxc5 32. Rxc5 Rb3 0-1

[Event "Titled Tuesday intern op 19th Oct"]
[Site "Chess.com INT"]
[Date "2021.10.19"]
[Round "4"]
[White "Zubov, Alexander"]
[Black "Moskalenko, Alexander"]
[Result "1-0"]
[WhiteElo "2598"]
[BlackElo "2514"]
[PlyCount "71"]
[EventDate "2021.10.19"]
[EventType "swiss (blitz)"]
[EventRounds "11"]
[EventCountry "USA"]
[SourceTitle "CBM 204 Extra"]
[Source "ChessBase"]
[SourceDate "2021.11.30"]
[SourceVersion "1"]
[SourceVersionDate "2021.11.30"]
[SourceQuality "1"]

1. d4 Nf6 2. c4 e6 3. Nf3 b6 4. a3 Bb7 5. Nc3 d5 6. Bg5 Be7 7. e3 0-0 8. Rc1 Nbd7 9. cxd5 exd5 10. Be2 c5 11. 0-0 a6 12. dxc5 bxc5 13. Qb3 Bc6 14. Rfd1 Qc7 15. Qc2 Bd6 16. b4 cxb4 17. Na2 Rfc8 18. Nxb4 Bb7 19. Qxc7 Rxc7 20. Rxc7 Bxc7 21. Rc1 Rc8 22. Kf1 a5 23. Nd3 Bd6 24. Rb1 Ba6 25. a4 Rc2 26. Bxf6 gxf6 27. Nf4 Bxe2+ 28. Nxe2 Bb4 29. Nf4 Ne5 30. Nxe5 fxe5 31. Nxd5 Rc4 32. f3 f5 33. Kf2 Kg7 34. Kg3 h5 35. h4 Kf7 36. Rb2 1-0

[Event "Titled Tuesday intern op 19th Oct"]
[Site "Chess.com INT"]
[Date "2021.10.19"]
[Round "10"]
[White "Zubov, Alexander"]
[Black "Nakamura, Hikaru"]
[Result "1/2-1/2"]
[WhiteElo "2598"]
[BlackElo "2736"]
[PlyCount "78"]
[EventDate "2021.10.19"]
[EventType "swiss (blitz)"]
[EventRounds "11"]
[EventCountry "USA"]
[SourceTitle "CBM 204 Extra"]
[Source "ChessBase"]
[SourceDate "2021.11.30"]
[SourceVersion "1"]
[SourceVersionDate "2021.11.30"]
[SourceQuality "1"]

1. d4 Nf6 2. c4 e6 3. Nf3 d5 4. Nc3 Be7 5. Bg5 h6 6. Bh4 0-0 7. e3 Nbd7 8. Rc1 c5 9. dxc5 dxc4 10. c6 bxc6 11. Bxc4 Nb6 12. Qxd8 Rxd8 13. Be2 c5 14. Ne5 Bb7 15. Bf3 Bxf3 16. gxf3 Rac8 17. Ke2 Kf8 18. Rhd1 Rxd1 19. Rxd1 Nfd5 20. Bxe7+ Kxe7 21. Rc1 f6 22. Nd3 c4 23. Nxd5+ Nxd5 24. Kd2 Nb6 25. Nf4 Rc5 26. h4 g5 27. hxg5 fxg5 28. Ne2 Kf6 29. f4 Ra5 30. fxg5+ hxg5 31. Nc3 Kf5 32. Rh1 Kg6 33. Rh8 Nd5 34. a3 Nxc3 35. Kxc3 Rf5 36. Rh2 Rb5 37. Rh8 Rf5 38. Rh2 Rb5 39. Rh8 Rf5 1/2-1/2

[Event "Titled Tuesday intern op 19th Oct"]
[Site "Chess.com INT"]
[Date "2021.10.19"]
[Round "2"]
[White "Zubov, Alexander"]
[Black "Tologontegin, Semetey"]
[Result "1-0"]
[WhiteElo "2598"]
[BlackElo "2381"]
[PlyCount "71"]
[EventDate "2021.10.19"]
[EventType "swiss (blitz)"]
[EventRounds "11"]
[EventCountry "USA"]
[SourceTitle "CBM 204 Extra"]
[Source "ChessBase"]
[SourceDate "2021.11.30"]
[SourceVersion "1"]
[SourceVersionDate "2021.11.30"]
[SourceQuality "1"]

1. d4 Nf6 2. c4 e6 3. Nf3 b6 4. a3 Bb7 5. Nc3 g6 6. d5 exd5 7. cxd5 Bg7 8. g3 0-0 9. Bg2 Re8 10. 0-0 Na6 11. Nd4 Nc5 12. Bf4 d6 13. Rc1 a6 14. b4 Nce4 15. Nxe4 Nxe4 16. f3 Nf6 17. e4 Nd7 18. Qd2 Ne5 19. Bg5 Qd7 20. f4 Ng4 21. Rfe1 h6 22. Bh4 Rac8 23. Bh3 h5 24. Bg2 c5 25. dxc6 Bxc6 26. Nxc6 Rxc6 27. Rxc6 Qxc6 28. e5 Qa4 29. h3 Nxe5 30. fxe5 Bxe5 31. Re3 Rc8 32. Bg5 Rc2 33. Qd5 Rc1+ 34. Kh2 Rd1 35. Qb3 Qb5 36. Qxd1 1-0

[Event "Speed Super Swiss Final"]
[Site "Chess.com INT"]
[Date "2021.10.17"]
[Round "1.1"]
[White "Perez Ponsa, Federico"]
[Black "Zubov, Alexander"]
[Result "0-1"]
[WhiteElo "2554"]
[BlackElo "2598"]
[PlyCount "96"]
[EventDate "2021.10.17"]
[EventType "k.o. (blitz)"]
[EventRounds "4"]
[EventCountry "USA"]
[SourceTitle "CBM 204 Extra"]
[Source "ChessBase"]
[SourceDate "2021.11.30"]
[SourceVersion "1"]
[SourceVersionDate "2021.11.30"]
[SourceQuality "1"]

1. e4 Nc6 2. Nc3 e5 3. Nf3 g6 4. d4 exd4 5. Nxd4 Bg7 6. Be3 Nf6 7. Qd2 Ng4 8. Bg5 f6 9. Nxc6 dxc6 10. Qxd8+ Kxd8 11. Bf4 Be6 12. h3 Ne5 13. 0-0-0+ Kc8 14. Be2 h5 15. Be3 g5 16. h4 g4 17. f4 Nf7 18. g3 a5 19. Bd3 b6 20. Rhe1 Kb7 21. a3 Rad8 22. Ne2 c5 23. e5 fxe5 24. Be4+ Kb8 25. f5 Bd7 26. Nc3 Nd6 27. Bg5 Rde8 28. f6 Bh6 29. Bg6 Reg8 30. Bd3 Bxg5+ 31. hxg5 Rxg5 32. Nd5 Rf8 33. c4 Bc6 34. Be2 Bxd5 35. Rxd5 Rxf6 36. b4 axb4 37. axb4 cxb4 38. c5 bxc5 39. Rxc5 Rgf5 40. Kd2 e4 41. Rcc1 c5 42. Ke3 Kc7 43. Ra1 Rf3+ 44. Bxf3 Rxf3+ 45. Ke2 Nb5 46. Rh1 Nd4+ 47. Ke1 Nc2+ 48. Kd2 Rf2+ 0-1

[Event "Speed Super Swiss Final"]
[Site "Chess.com INT"]
[Date "2021.10.17"]
[Round "1.2"]
[White "Zubov, Alexander"]
[Black "Perez Ponsa, Federico"]
[Result "1-0"]
[WhiteElo "2598"]
[BlackElo "2554"]
[PlyCount "149"]
[EventDate "2021.10.17"]
[EventType "k.o. (blitz)"]
[EventRounds "4"]
[EventCountry "USA"]
[SourceTitle "CBM 204 Extra"]
[Source "ChessBase"]
[SourceDate "2021.11.30"]
[SourceVersion "1"]
[SourceVersionDate "2021.11.30"]
[SourceQuality "1"]

1. d4 Nf6 2. Nf3 g6 3. c4 Bg7 4. Nc3 0-0 5. e4 d6 6. Be2 e5 7. d5 a5 8. Be3 Na6 9. Nd2 Nd7 10. h4 f5 11. f3 f4 12. Bf2 Nf6 13. a3 Bd7 14. Rb1 c5 15. Nb5 Qe7 16. Qc2 Nh5 17. Nf1 Bf6 18. b3 Kg7 19. Qd2 b6 20. Kd1 Rfc8 21. Kc2 Nc7 22. Nc3 Rab8 23. a4 Na6 24. Kb2 Nb4 25. Rc1 Rh8 26. Qe1 Kf7 27. Kb1 Ke8 28. Rd1 Kd8 29. Rc1 Kc7 30. Na2 Kb7 31. Nxb4 axb4 32. Kc2 Ra8 33. Ra1 Ra5 34. Nd2 Rha8 35. Kb2 Qe8 36. Qd1 Qd8 37. Qe1 Qe7 38. Bd3 Rg8 39. Be2 Qf7 40. Bd3 Qg7 41. Be2 Rf8 42. Bd3 Bd8 43. Be2 Qf7 44. Bd3 Qe8 45. Bc2 Bf6 46. Bd3 Bg7 47. Bc2 Bh6 48. Nf1 Qe7 49. Bd3 Rg8 50. Bc2 Be8 51. Bd3 Qf6 52. Bc2 Rg7 53. Bd3 Qe7 54. Qd2 Qf8 55. Be1 Bd7 56. Rg1 Qe7 57. g4 fxg3 58. Qxh6 Nf4 59. Bc2 g5 60. hxg5 Rg6 61. Qh4 g2 62. Ne3 Rxg5 63. Bg3 Qg7 64. Bf2 Ra8 65. Ng4 Rf8 66. Be3 Bxg4 67. fxg4 Rxg4 68. Qh2 Ne2 69. Bh6 Qg8 70. Bxf8 Nxg1 71. Rxg1 Qxf8 72. Rxg2 Rf4 73. Qg3 Ka6 74. Qg8 Qh6 75. Qa8# 1-0

[Event "Speed Chess Super Swiss"]
[Site "Chess.com INT"]
[Date "2021.10.16"]
[Round "9"]
[White "Bok, Benjamin"]
[Black "Zubov, Alexander"]
[Result "1/2-1/2"]
[WhiteElo "2619"]
[BlackElo "2598"]
[PlyCount "78"]
[EventDate "2021.10.16"]
[EventType "swiss (blitz)"]
[EventRounds "15"]
[EventCountry "USA"]
[SourceTitle "CBM 204 Extra"]
[Source "ChessBase"]
[SourceDate "2021.11.30"]
[SourceVersion "1"]
[SourceVersionDate "2021.11.30"]
[SourceQuality "1"]

1. d4 Nf6 2. c4 g6 3. Nc3 d5 4. cxd5 Nxd5 5. e4 Nxc3 6. bxc3 Bg7 7. Nf3 c5 8. Be3 Qa5 9. Qd2 Nd7 10. Bd3 0-0 11. Rc1 e5 12. d5 f5 13. c4 Qxd2+ 14. Bxd2 Nf6 15. Bc2 Nxe4 16. Be3 b6 17. Bxe4 fxe4 18. Nd2 Bf5 19. h3 h5 20. Rg1 h4 21. Ke2 Bf6 22. g4 hxg3 23. fxg3 g5 24. g4 Bg6 25. a4 Kg7 26. a5 Rh8 27. Rh1 Rhb8 28. Rb1 Be7 29. Rb3 bxa5 30. Rxb8 Rxb8 31. Ra1 Rh8 32. Rxa5 Rxh3 33. Rxa7 Rh2+ 34. Kd1 Kf8 35. Ra8+ Kf7 36. Ra7 Ke8 37. Ra8+ Kf7 38. Ra7 Ke8 39. Ra8+ Kf7 1/2-1/2

[Event "Speed Chess Super Swiss"]
[Site "Chess.com INT"]
[Date "2021.10.16"]
[Round "5"]
[White "Lazavik, Denis"]
[Black "Zubov, Alexander"]
[Result "0-1"]
[WhiteElo "2465"]
[BlackElo "2598"]
[PlyCount "100"]
[EventDate "2021.10.16"]
[EventType "swiss (blitz)"]
[EventRounds "15"]
[EventCountry "USA"]
[SourceTitle "CBM 204 Extra"]
[Source "ChessBase"]
[SourceDate "2021.11.30"]
[SourceVersion "1"]
[SourceVersionDate "2021.11.30"]
[SourceQuality "1"]

1. d4 Nf6 2. c4 g6 3. g3 c6 4. Nf3 d5 5. Qa4 Nfd7 6. cxd5 Nb6 7. Qb3 cxd5 8. Bg2 Bg7 9. 0-0 Nc6 10. Nc3 0-0 11. Bf4 e6 12. Rfd1 Bd7 13. Rac1 Rc8 14. Qc2 Ne7 15. b3 Bc6 16. Qd2 Nf5 17. Ne5 Re8 18. a4 Nd7 19. Nf3 Qb6 20. Rb1 a5 21. e3 Bf8 22. Ne2 Qa6 23. Ne5 Bb4 24. Qa2 f6 25. Nxc6 bxc6 26. e4 Ng7 27. Nc1 f5 28. exd5 exd5 29. Nd3 Bf8 30. Ne5 Nxe5 31. Bxe5 Ne6 32. h4 h5 33. Qc2 Qb6 34. Bf3 Bg7 35. Bxg7 Kxg7 36. Bxh5 Nxd4 37. Qb2 c5 38. Bf3 Rcd8 39. Bg2 Qb4 40. Rd2 Re5 41. Rbd1 Rde8 42. Kh2 Kh7 43. Rxd4 cxd4 44. Rxd4 Re2 45. Rxb4 Rxb2 46. Rb7+ Kh6 47. Bxd5 Rxf2+ 48. Kg1 Rd2 49. Bg2 Re1+ 50. Bf1 Rdd1 0-1

[Event "Speed Chess Super Swiss"]
[Site "Chess.com INT"]
[Date "2021.10.16"]
[Round "12"]
[White "Sarana, Alexey"]
[Black "Zubov, Alexander"]
[Result "1-0"]
[WhiteElo "2649"]
[BlackElo "2598"]
[PlyCount "117"]
[EventDate "2021.10.16"]
[EventType "swiss (blitz)"]
[EventRounds "15"]
[EventCountry "USA"]
[SourceTitle "CBM 204 Extra"]
[Source "ChessBase"]
[SourceDate "2021.11.30"]
[SourceVersion "1"]
[SourceVersionDate "2021.11.30"]
[SourceQuality "1"]

1. d4 Nf6 2. c4 g6 3. Nc3 d5 4. cxd5 Nxd5 5. e4 Nxc3 6. bxc3 Bg7 7. Nf3 c5 8. Be3 Qa5 9. Qd2 Nd7 10. Rc1 0-0 11. Bh6 Bxh6 12. Qxh6 cxd4 13. Ng5 Nf6 14. Bc4 dxc3 15. 0-0 Qc5 16. Bb3 b5 17. Rce1 e5 18. Re3 Bg4 19. h3 c2 20. Rc1 Bd1 21. Bxc2 Rfd8 22. Kh2 Bxc2 23. Rf3 Qe7 24. Rxc2 Rac8 25. Rb2 a6 26. a4 Rc5 27. axb5 Rxb5 28. Ra2 Rb6 29. Ra5 Qf8 30. Qxf8+ Rxf8 31. Re3 Re8 32. Nf3 Nd7 33. Rd3 Re7 34. Nd2 Nf6 35. f3 Rd7 36. Rxd7 Nxd7 37. Nc4 Rc6 38. Nxe5 Nxe5 39. Rxe5 Rc8 40. Ra5 Ra8 41. Kg3 Kf8 42. Kf4 Ke7 43. Kg5 Kd6 44. Kh6 Kc6 45. Kxh7 Kb6 46. Ra1 a5 47. Kg7 Ra7 48. h4 a4 49. g4 Kb5 50. h5 gxh5 51. gxh5 f5+ 52. Kg6 fxe4 53. fxe4 Ra6+ 54. Kg5 Kc4 55. h6 Ra5+ 56. Kg4 Ra6 57. Rh1 Ra8 58. h7 Rh8 59. Kf5 1-0